| 000 | 00469nam a2200169Ia 4500 | ||
|---|---|---|---|
| 003 | LK-CoDNM | ||
| 008 | 010623t1991 xxu||||| |||| 00| 1 eng d | ||
| 040 |
_aLK-CoDNM _dLK-CoDNM _eLK-CoDNM |
||
| 041 | _aeng | ||
| 080 | _a301 SUR | ||
| 100 | _aKorale,S.R | ||
| 245 | _aSurvey Of Social Science Information Centres And Users In Sri Lanka | ||
| 260 |
_bNational Library Of Sri Lanka _aColombo 7 _c1991 |
||
| 300 | _b77p.;28 cm cm | ||
| 650 | _aSociology | ||
| 942 | _cBK | ||
| 999 |
_c115045 _d115045 |
||